|
|
|
|
| LEADER |
00586cam a2200169 7i4500 |
| 001 |
0000040065 |
| 005 |
20170218090000.0 |
| 020 |
|
|
|a 9780470915806 (hbk.)
|
| 090 |
0 |
0 |
|a HG4529.5
|b .I58 2011
|
| 245 |
0 |
0 |
|a Investments :
|b principles of portfolio and equity analysis
|c Michael G. McMillan ... [et al.].
|
| 260 |
|
|
|a Hoboken, N.J.:
|b Wiley,
|c 2011.
|
| 300 |
|
|
|a xxi, 620 p.:
|b ill.;
|c 26 cm.
|
| 650 |
0 |
0 |
|a Investment analysis
|
| 650 |
0 |
0 |
|a Portfolio management
|
| 700 |
1 |
|
|a McMillan, Michael G
|
| 997 |
|
|
|a Business & Accountancy, Faculty
|
| 999 |
|
|
|a 0000053402
|b BOK
|c OPEN SHELF
|e 1st Floor, Shah Alam
|